| 000 | 00487nam a22001697a 4500 | ||
|---|---|---|---|
| 005 | 20240902141459.0 | ||
| 008 | 240902b |||||||| |||| 00| 0 eng d | ||
| 020 | _a81-219-2532-0 | ||
| 041 | _aeng | ||
| 082 | _a541.22 TUL | ||
| 100 |
_aTULI, G.D. AND SONI, P. L . _98502 |
||
| 245 | _aTHE LANGUAGE OF CHEMISTRY OR CHEMICAL EQUATIONS AND HOW TO EQUATIOS AND HOW TO MASTER THEM | ||
| 260 |
_aNEW DELHI _bS.CHAND AND COMPANY |
||
| 300 | _a106,P | ||
| 650 |
_aBMLT _98487 |
||
| 942 | _cBK | ||
| 999 |
_c8634 _d8632 |
||